The gospel of Luke / (Record no. 10551)

MARC details
000 -LEADER
fixed length control field 02462cam a2200325 i 4500
001 - CONTROL NUMBER
control field 1024098877
003 - CONTROL NUMBER IDENTIFIER
control field OCoLC
005 - DATE AND TIME OF LATEST TRANSACTION
control field 20250116115047.0
008 - FIXED-LENGTH DATA ELEMENTS--GENERAL INFORMATION
fixed length control field 180603s2018 miuab b 001 0 eng c
020 ## - INTERNATIONAL STANDARD BOOK NUMBER
International Standard Book Number 9780801037009
Qualifying information paperback ;
-- alkaline paper
020 ## - INTERNATIONAL STANDARD BOOK NUMBER
International Standard Book Number 080103700X
Qualifying information paperback ;
-- alkaline paper
035 ## - SYSTEM CONTROL NUMBER
System control number (OCoLC)1024098877
040 ## - CATALOGING SOURCE
Original cataloging agency LBSOR/DLC
Language of cataloging eng
Description conventions rda
Transcribing agency DLC
Modifying agency OCLCO
-- OCLCF
-- BCT
-- ISS
-- YDX
-- OCLCO
082 00 - DEWEY DECIMAL CLASSIFICATION NUMBER
Classification number 226.407
Edition information 23
Item number GAD
100 1# - MAIN ENTRY--PERSONAL NAME
Personal name Gadenz, Pablo T.,
Dates associated with a name 1967-
Authority record control number or standard number https://id.loc.gov/authorities/names/no2009134356
Relator term author.
245 14 - TITLE STATEMENT
Title The gospel of Luke /
Statement of responsibility, etc. Pablo T. Gadenz.
264 #1 - PRODUCTION, PUBLICATION, DISTRIBUTION, MANUFACTURE, AND COPYRIGHT NOTICE
Place of production, publication, distribution, manufacture Grand Rapids, Michigan :
Name of producer, publisher, distributor, manufacturer Baker Academic, a division of Baker Publishing Group,
Date of production, publication, distribution, manufacture, or copyright notice [2018]
300 ## - PHYSICAL DESCRIPTION
Extent 412 pages ;
Dimensions 23 cm.
336 ## - CONTENT TYPE
Content type term text
Content type code txt
Source rdacontent
337 ## - MEDIA TYPE
Media type term unmediated
Media type code n
Source rdamedia
338 ## - CARRIER TYPE
Carrier type term volume
Carrier type code nc
Source rdacarrier
490 1# - SERIES STATEMENT
Series statement Catholic commentary on sacred scripture
504 ## - BIBLIOGRAPHY, ETC. NOTE
Bibliography, etc. note Includes bibliographical references and indexes.
505 0# - FORMATTED CONTENTS NOTE
Formatted contents note Luke states his purpose (1:1-4) -- God visits his people (1:5-80) -- A savior is born (2:1-52) -- The precursor and the Son of God (3:1-4:13) -- Jesus' mission as Messiah (4:14-44) -- Calling disciples and answering Pharisees (5:1-6:11) -- The Twelve and the Sermon on the Plain (6:12-49) -- Jesus the great prophet (7:1-50) -- Jesus' parables and power (8:1-56) -- The Messiah and suffering Son of Man (9:1-50) -- The journey to Jerusalem begins (9:51-10:42) -- Prayer and almsgiving (11:1-54) -- Genuine disciples in a growing kingdom (12:1-13:21) -- The last are first at God's kingdom banquet (13:22-14:35) -- Parables about repentance and riches (15:1-17:10) -- The Son of Man and the Kingdom of God (17:11-18:30) -- The king goes up to Jerusalem (18:31-19:44) -- Ministry in the temple (19:45-21:38) -- The passover of the Messiah (22:1-71) -- Trial, crucifixion, and death (23:1-56) -- Fulfillment in Jesus' resurrection (24:1-53).
520 ## - SUMMARY, ETC.
Summary, etc. "This Catholic commentary on Luke interprets Scripture from within the living tradition of the Church for pastoral ministers, lay readers, and students"--
Assigning source Provided by publisher.
610 20 - SUBJECT ADDED ENTRY--CORPORATE NAME
Corporate name or jurisdiction name as entry element Catholic Church
General subdivision Doctrines.
Authority record control number or standard number https://id.loc.gov/authorities/subjects/sh85021103
630 00 - SUBJECT ADDED ENTRY--UNIFORM TITLE
Uniform title Bible.
Name of part/section of a work Luke
Authority record control number or standard number https://id.loc.gov/authorities/names/n79055751
Form subdivision Commentaries.
Authority record control number or standard number https://id.loc.gov/authorities/subjects/sh99001404
655 #7 - INDEX TERM--GENRE/FORM
Genre/form data or focus term Commentaries.
Source of term fast
Authority record control number or standard number https://id.worldcat.org/fast/1423723
942 ## - ADDED ENTRY ELEMENTS (KOHA)
Source of classification or shelving scheme Dewey Decimal Classification
Koha item type Books
Suppress in OPAC No
Holdings
Withdrawn status Lost status Source of classification or shelving scheme Damaged status Not for loan Home library Current Library Shelving location Date acquired Source of acquisition Total checkouts Full call number Barcode Date last seen Copy number Price effective from Koha item type
    Dewey Decimal Classification     GRACE BIBLE COLLEGE GRACE BIBLE COLLEGE Biblical Studies 2025-01-16 TBN   226.407 GAD 020890 2025-05-01 c.1 2025-01-16 Books
© Grace Bible College Library 2025